Normal view
MARC view
- Mathematics
Entry Topical Term
001 - CONTROL NUMBER
- control field: 38813
003 - CONTROL NUMBER IDENTIFIER
- control field: NUST
005 - DATE AND TIME OF LATEST TRANSACTION
- control field: 20210314131249.0
008 - FIXED-LENGTH DATA ELEMENTS
- fixed length control field: 210314|| aca||aabn | a|a d
040 ## - CATALOGING SOURCE
- Original cataloging agency: NUST
- Transcribing agency: NUST
150 ## - HEADING--TOPICAL TERM
- Topical term or geographic name entry element: Mathematics
- General subdivision: History
670 ## - SOURCE DATA FOUND
- Source citation: Work cat.: (NUST): Bell, Eric Temple, 38812, Mathematics, queen and servant of science /, [1989], c1951.
